শেরপুর জেলা পরিচিতি. (Record no. 72972)
[ view plain ]
| 000 -LEADER | |
|---|---|
| fixed length control field | 00920nam a22002297a 4500 |
| 001 - CONTROL NUMBER | |
| control field | 72972 |
| 003 - CONTROL NUMBER IDENTIFIER | |
| rucl marc code | BD-RjUL |
| 005 - DATE AND TIME OF LATEST TRANSACTION | |
| control field | 20211209082332.0 |
| 008 - FIXED-LENGTH DATA ELEMENTS--GENERAL INFORMATION | |
| fixed length control field | 170525s2008 bg a|||| |||| 00| 0 ben d |
| 020 ## - INTERNATIONAL STANDARD BOOK NUMBER | |
| Terms of availability | : Tk. : 450.00 |
| 035 ## - SYSTEM CONTROL NUMBER | |
| System control number | (BD-RjUL)73190 |
| 040 ## - CATALOGING SOURCE | |
| Original cataloging agency | BD-RjUL |
| Language of cataloging | ben |
| Transcribing agency | BD-RjUL |
| 041 ## - LANGUAGE CODE | |
| Language code of text/sound track or separate title | ben |
| 082 ## - DEWEY DECIMAL CLASSIFICATION NUMBER | |
| Edition number | 23 |
| Classification number | 954.924 |
| Author mark and year | JES 2008 |
| 110 2# - MAIN ENTRY--CORPORATE NAME | |
| Relator code | জেলা প্রশাসন, শেরপুর |
| 245 10 - TITLE STATEMENT | |
| Title | শেরপুর জেলা পরিচিতি. |
| 260 ## - PUBLICATION, DISTRIBUTION, ETC. (IMPRINT) | |
| Place of publication, distribution, etc. | ঢাকা : |
| Name of publisher, distributor, etc. | জেলা প্রশাসন, শেরপুর ও জেলা উন্নয়ন কমিটি, |
| Date of publication, distribution, etc. | ২০০৮. |
| 300 ## - PHYSICAL DESCRIPTION | |
| Pagination | ৩২৮ পৃ. : |
| Illustrations | চিত্র ; |
| Size | ২২ সেমি. |
| 651 ## - SUBJECT ADDED ENTRY--GEOGRAPHIC NAME | |
| Geographic name | বাংলাদেশ, শেরপুর |
| General subdivision | ইতিহাস ও সমালোচনা |
| 9 (RLIN) | 215825 |
| Geographic name | Bangladesh, Sherpur |
| General subdivision | History and criticism |
| 9 (RLIN) | 215826 |
| 942 ## - ADDED ENTRY ELEMENTS (KOHA) | |
| Source of classification or shelving scheme | Dewey Decimal Classification |
| Koha item type | Books |
| Lost status | Source of classification or shelving scheme | Damaged status | Not for loan | Collection code | Permanent Location | Current Location | Shelving location | Date acquired | Source of acquisition | Cost, normal purchase price | Total Checkouts | Full call number | Date last seen | Copy number | Koha item type |
|---|---|---|---|---|---|---|---|---|---|---|---|---|---|---|---|
| Dewey Decimal Classification | Not For Loan | Non-fiction | Central Library, University of Rajshahi | Central Library, University of Rajshahi | Reading Room | 06/05/2009 | Sherpur, District Administrator. | 450.00 | B 954.924 JES 2008 | 25/05/2017 | C-1 | Books |